000 00414nam a2200169Ia 4500
001 18214
005 20260306171614.0
008 260306s9999||||xx |||||||||||||| ||und||
041 _aESP
082 _a658.4012
_bV21
100 _aValeriano Ortiz, Luis Fernando
_eAUT
245 0 _aPlaneamiento empresarial
300 _a218 páginas :
_c22 cm.
650 _aGEN
654 _aCAN
942 _cLIB
_dJUS
_fJUS
_2ddc
_n
999 _c18214
_d18214